Kimia koordinatan

Bibliographic Details
Main Author: Ibrahim Baba
Format: Book
Published: Kuala Lumpur : Dewan bahasa dan pustaka , 1991

MARC

LEADER 00000cam a2200000 7i4500
001 0000063499
005 20160530.0
008 160530
020 |a 9836221611 
090 0 0 |a 540   |b IBR 
100 1 |a Ibrahim Baba 
245 1 1 |a Kimia koordinatan   |c Ibrahim Baba;Abdul Hamid Othman 
260 |a Kuala Lumpur :   |b Dewan bahasa dan pustaka ,   |c 1991 
999 |a 0000325223   |b Book   |c Adult Collection   |e Cawangan Pontian 
999 |a 0000325225   |b Book   |c Adult Collection   |e Cawangan Muar